عرض عادي
عرض مارك
- Mahon, Nik.
مدخل إسم شخص
001 - رقم الضبط
- حقل الضبط: 15205
003 - معرف رقم الضبط
- حقل الضبط: OSt
005 - تاريخ ووقت أخر عملية
- حقل الضبط: 20120530040930.0
008 - عناصر بيانات ثابتة الطول
- حقل تحكم ثابت الطول: 120530|||a|||||| | ||| d
040 ## - مصدر الفهرسة
- هيئة الفهرسة الأصلية: OSt
- وكالة الكتابة: OSt
100 ## - مدخل -- أسم شخص
- إسم شخص: Mahon, Nik.
670 ## - بيانات المصدر موجوده
- الاستشهاد بالمصدر: Work cat.: (OSt)0: Burtenshaw, Ken. 15203, The fundamentals of creative advertising /, c2011.
